| 000 | 00877nam a2200253Ia 4500 | ||
|---|---|---|---|
| 003 | OSt | ||
| 005 | 20220923221057.0 | ||
| 006 | a|||||r|||| 00| 0 | ||
| 007 | ta | ||
| 008 | 220922b |||||||| |||| 00| 0 hin d | ||
| 024 | _a194,683 | ||
| 037 | _cTextual | ||
| 040 |
_aARTS _cARTS _bhin |
||
| 041 |
_2hin _ahin |
||
| 082 | _aO152,3:g(Y31), L9 | ||
| 100 |
_aअस्थाना, ज्ञान _9156369 |
||
| 245 | 0 | _aहिन्दी उपन्यासों में ग्राम समस्यायें | |
| 246 | _aHindī upanyāsoan mean grām samasyāyean | ||
| 260 |
_aमथुरा _b अमर प्रका0 _c1979 |
||
| 300 |
_a300पृ. _ccm. |
||
| 650 |
_aहिन्दी साहित्य _9156264 |
||
| 942 |
_hO152,3:g(Y31), L9 _cTEXL _2CC |
||
| 999 |
_c346947 _d346947 |
||